00653nab a2200193uuc4500001000800000005001700008008004100025035001200066040001300078041000800091100002900099245005300128650003400181650002200215650003000237700003500267700003600302773012100338147851320240202130102.0171108e19920601 spa  a1478513 ccomduadb aspa10aArauzo, Silvia4auteaut10aSida : aportes conductuales para su prevención aSIDA - Prevención y control aConducta de salud aConducta sexual de riesgo10aBlanck, J. Guillermo4auteaut10aBermúdez, Guillermo4auteaut0 tRevista Latinoamericana de Psicología (Bogotá)gVol. 24, No. 01-02, Jun. 1992, 169-176w140894x0120-0534076228